000
00300nam a22001217a 4500
008
180315b xxu||||| |||| 00| 0 eng d
041
_a
eng
080
_a
78
100
_a
45
101
_a
MUS
245
_a
LAYER ANALYSIS A PRIMER OF ELEMENTARY TONAL STRUCURES
_c
WARFIELD.G
942
_2
udc
_c
BK
999
_c
45151
_d
45151